00678nam a2200193 i 450000100060000000300090000600500170001500700030003200800410003510000270007624501110010326000300021430000210024449000200026583000280028585200320031399900170034595201220036265920ES-MaACL20230906165514.0t|040123s1962 sp ||||1| spa d1 aFueyo, Jesús.95297610aPueblo y estado b: la crisis contemporánea de la integración política del pueblo / cJesús Fueyo. a[Madrid : bs.n., c1962] a64 p. ; c21 cm.1 aNuevo horizonte0 aNuevo horizonte9181183 aES-MaACLjC-24337 bR.52354 c65920d65920 00104070aATENEOMbATENEOMcDEPO2d2008-01-17eSCl0oC-24337p1069059r2023-02-23 00:00:00w2023-02-23yMONOGRAFIA